ultimate Romance movies - Statistics

General Stats
  • This quiz has been taken 269 times
  • The average score is 28 of 108
Answer Stats
couple(s) year Initials Answer % Correct
Heath Ledger and Julia Stiles 1999 10TIHAY 10 things i hate about you
81%
Kate winslet and Leonardo Dicaprio 1997 T Titanic
80%
Ryan Gosling and Rachel McAdams 2004 TNB The Notebook
78%
Robert Pattinson and Kristen Stewart ( trilogy) 2008-2012 T Twilight
72%
Ryan Gosling and Emma Stone 2016 LLL La la Land
69%
Drew Barrymore and Adam Sandler 2004 50FD 50 first dates
61%
Sam Claflin and Emilia Clarke 2016 MBY Me Before you
61%
Bradley Cooper and lady Gaga 2018 ASIB A Star is Born
60%
Richard gere and Julia roberts 1990 PW Pretty woman
59%
Joseph Gordon -Levitt and Zooey Deschannel 2009 500DOS 500 days of summer
57%
Brad Pitt and Angelina jolie 2005 MAMS Mr and mrs smith
54%
Julia Roberts and Hugh Grant 1999 NH Notting Hill
54%
Ansel Elgort and Shailene woodley 2014 TFIOS The fault in our Stars
54%
Hero Fiennes Tiffin and Josephine Langford (trilogy) 2019-2022 A After
52%
Hugh Grant, Alan Rickman, Emma Thompson and Keira Knightley 2003 LA Love Actually
51%
Jennifer Grey and Patrick Swayze 1987 DD Dirty dancing
50%
Sam Claflin and Lily Collins 2014 LR Love Rosie
49%
Chad Michael Murray and Hilary Duff 2004 ACS a Cinderella Story
48%
Camerion Diaz, kate winslet, jack Black and Jude law 2006 TH The Holiday
46%
Jake Gyllenhaal and Heath Ledger 2005 BBM Brokeback mountain
45%
Jennifer Lopez and Ralph Fiennes 2002 MIM Maid in manhattan
45%
renee Zellweger and Colin firth (trilogy) 2001-2015 BJ Bridget jones
43%
Cole Sprouse and Haley Liu Richardson 2018 FFA Five feet Apart
43%
Liam hemsworth and Miley Cyrus 2009 TLS The Last song
43%
Meg Ryan and Tom Hanks 1998 YGM You've got Mail
42%
Meg Ryan and Tom hanks 1993 SIS Sleepless in Seattle
41%
Henry Golding and Constance Wu 2018 CRA Crazy rich asians
40%
Matthew Mcfayden and Keira Knightley 2005 PAP Pride and Prejudice
40%
Claire Danes and leonardo Dicaprio 1996 RAJ Romeo and Juliet
37%
Adam Sandler and Drew barrymore 1998 TWS The wedding singer
37%
Demi Moore and Patrick Swayze 1990 G Ghost
36%
Chris pratt and jennifer Lawrence 2016 P passengers
36%
jennifer Lopez adn matthew McConaughey 2001 TWP The wedding Planner
36%
Mandy Moore and Shane West 2002 AWTR A walk to remember
33%
Dan Stevens and Emma Watson 2017 BATB Beauty and the beast
33%
Amy Adams and patrick Dempsey 2008 E Enchanted
33%
Henry Golding and Emilia Clarke 2019 LC last Christmas
32%
James McAvoy and Keira Knightley 2007 A Atonement
31%
Richard madden and Lily James 2015 C Cinderella
31%
Jennifer Lopez and Owen Wilson 2022 MM Marry me
31%
Patrick Schwarzenegger and Bella thorne 2018 MS Midnight sun
31%
richard Gere and Julia Roberts 1999 RB Runaway bride
30%
Drew Seeley and Selena Gomez 2009 ACS Another Cinderella story
29%
Tom Hanks and Robin Wright 1994 FG Forrest Gump
29%
Jake Gyllenhaal and Anne Hathaway 2010 LAOD Love and other drugs
29%
Lindsay Lohan and Chris Pine 2006 JML Just My Luck
28%
Ashton Kutcher and Brittany Murphy 2003 JM Just Married
27%
domhnall Gleeson and Rachel McAdams 2013 AB About time
26%
Christopher Plummer and Julie Andrews 1965 TSOM The Sound of Music
26%
Vivien Leigh and Clark gable 1939 GWTW Gone with the wind
23%
Tom Cruise and Renee Zellweger 1996 JM Jerry Maguire
23%
jack Black and Gwyneth paltrow 2001 SH Shallow Hal
23%
Sandra bullock and Bill Pullman 1995 WYWS while you were sleeping
23%
Robert Pattinson and Emilie De ravin 2012 RM remember me
22%
Keanu reeves and Sandra Bullock 2006 TLH The lake house
22%
Nicole Kidman and Ewan Mcgregor 2001 MR moulin Rouge
21%
Lucy Hale and Austin Stowell 2021/2022 THG the hating game
21%
Felicity Jones and Eddie redmayne 2015 TTOE The Theory of everything
21%
Ansel Elgort and 2022 WSS West Side Story
21%
Bill Murray and Andie Mcdowell 1993 GHD Groundhog Day
20%
mark Ruffalo and reese Witherspoon 2005 JLH Just like heaven
18%
Cary Elwes and Robin Wright 1987 TPB The Princess Bride
18%
Jaoquin Phoenix and reese Witherspoon 2005 WTL Walk the Line
18%
Hugh Dancy and Anne Hathaway 2004 EE Ella Enchanted
16%
Audrey hepburn and Humphrey Bogart 1954 S Sabrina
16%
Julia Ormond and Harrison ford 1995 S Sabrina
16%
Joseph Fiennes and Gwyneth Paltrow 1998 SIL Shakespeare in love
15%
Tom hanks and Daryl hannah 1984 S Splash
15%
Isla Fisher and Hugh dancy 2009 COAS Confessions of a Shopaholic
14%
Freddie Stroma and Lucy Hale ( cinderella story) 2011 OUAS Once upon a song
14%
John Cusack and Kate Beckinsale 2001 S Serendipity
14%
Matt Dillon and Cameron Diaz 1998 TSAM There's something about Mary
14%
eric bana and Rachel McAdams 2009 TTTW The Time traveler's wife
14%
Drew Barrymore and Hugh Grant 2007 MAL Music and Lyrics
13%
Sam Claflin and Shailene woodley 2018 A Adrift
12%
Nicole Kidman and Hugh Jackman 2008 A Australia
12%
Amandla stenberg and Nick Robinson 2017 EE Everything Everything
12%
Amy Adams and Matthew Goode 2010 LY Leap year
12%
Robert Pattinson and reese Witherspoon 2011 WFE Water for Elephants
12%
Tyler Hoechlin and Alexandra daddario 2019 CYKAS can you keep a secret
10%
Kate Beckinsale and Ben affleck 2001 PH Pearl harbor
9%
meg ryan and Hugh Jackman 2001 KAL Kate and Leopold
8%
Eric Bana, Scarlet Johansson and Natalie Portman 2008 TOBG The other Boleyn Girl
8%
Alexis Bledel and Jonathon jackson 2002 TE Tuck Everlasting
8%
james McAvoy and Anne Hathaway 2007 BJ Becoming Jane
7%
Ewan McGregor and Renee Zellweger 2003 DWL Down with Love
6%
Asa Butterfield and Britt Robnertson 2017 TSBU The Space between us
6%
Mandy Moore and Matthew Goode 2004 CL Chasing liberty
5%
Michael Fassbender and Mia Wasikowska 2011 JE Jane Eyre
5%
cary Elwes and helena Bonham carter 1986 LJ lady jane
5%
Christopher reeve and jane Seymour 1980 SIT Somewhere in time
5%
Michael Fassbender and Alicia Vikander 2016 TLBO the Light between oceans
5%
Teresa Palmer and Nicholas Hoult 2013 WB Warm Bodies
5%
Adrian Grenier and Melissa Joan Hart 1999 DMC Drive me crazy
4%
Jai Courtney and Lily james 2016 TE The Exception
4%
Heath ledger adn Sienna Miller 2005 C Casanova
3%
Ewan Mcgregor and Renee Zellweger 2006 MP Miss Potter
3%
Kit Harrington and Alicia Vikander 2014 TOY testament of youth
3%
Saoirse Ronan and Max irons and Jake Abel 2013 TH The Host
3%
Gary oldman and Demi Moore 1995 TSL The Scarlet Letter
3%
Colin farrell and Jennifer Connelly 2014 WT Winter's tale
3%
Alden Ehrenreich Alice Englert 2013 BC Beautiful Creatures
2%
Alden Ehrenreich and Lily Collins 2016 RDA Rules Don't apply
2%
Michelle Williams and Matthias Schoenaerts 2014 SF Suite francaise
2%
Mark Ruffalo and gwyneth Paltrow 2003 VFTT view from the top
2%
george McKay and Amandla Stenberg 2018 WHT Where hands touch
2%
Natalie portman and James frain and Ashley Judd 2000 WTHI Where the heart is
2%
Catherine McCormack and rufus Sewell 1998 DB dangerous Beauty
1%
No matching quizzes found
Score Distribution
Percent of People with Each Score
Percentile by Number Answered
Your Score History
You have not taken this quiz